Maakunta (Finnish Regions) Genitive Case - Statistics

General Stats
  • This quiz has been taken 27 times
  • The average score is 12 of 19
Answer Stats
______ Maakunta % Correct
Lapin
100%
Pohjois-Pohjanmaan
82%
Uudenmaan
82%
Etelä-Pohjanmaan
73%
Pohjois-Karjalan
73%
Etelä-Karjalan
68%
Pohjanmaan
68%
Kainuun
64%
Keski-Suomen
64%
Pirkanmaan
64%
Varsinais-Suomen
64%
Satakunnan
59%
Etelä-Savon
55%
Pohjois-Savon
55%
Ahvenanmaan
50%
Keski-Pohjanmaan
50%
Kanta-Hämeen
45%
Päijät-Hämeen
41%
Kymenlaakson
32%
No matching quizzes found
Score Distribution
Percent of People with Each Score
Percentile by Number Answered
Your Score History
You have not taken this quiz